|
|
|
|
| LEADER |
00853pam a22002418a 4500 |
| 001 |
00019696 |
| 005 |
20171026081022.0 |
| 008 |
110507s2005 ||||||Viesd |
| 041 |
0 |
# |
|a Vie
|
| 082 |
1 |
4 |
|a 895.922 334
|b T101PH
|
| 100 |
0 |
# |
|a Nguyễn Cừ
|
| 245 |
0 |
0 |
|a Tác phẩm văn học được giải thưởng Hồ Chí Minh
|c Nam Cao, Ngô Tất Tố, Hải Triều; Nguyễn Cừ
|
| 260 |
# |
# |
|a H.
|b Văn học
|c 2005
|
| 300 |
# |
# |
|a 1115 tr.
|c 21 cm.
|
| 500 |
# |
# |
|a Sách nhà nước đặt hàng
|
| 650 |
# |
4 |
|a Truyện ngắn
|
| 653 |
# |
# |
|a Văn học hiện đại
|
| 852 |
# |
# |
|b Kho đọc
|j KD.0005124
|
| 852 |
# |
# |
|j KM.0004197
|b Kho mượn
|
| 852 |
# |
# |
|j KM.0004197
|j KD.0005124
|
| 910 |
|
|
|d 07/05/2011
|
| 980 |
# |
# |
|a Trung tâm Học liệu Lê Vũ Hùng, Trường Đại học Đồng Tháp
|